La filosofia esposta in sonetti da Ruggero Calbi gentiluomo ravennate. Al reverendissimo signore il padre D. Pietro Canneti camaldolese abate di classe

Detalles Bibliográficos
Autor principal: Calbi, Ruggero, 1683-1761
Formato: Libro
Lenguaje:Italian
Publicado: in Faenza : per l'Archi, e Zannoni stampatori del S. Uffizio, 1715.
Materias:
Colección:Banco de datos
Acervo:Fondo Antiguo José Gutiérrez Casillas. S.J. de la Biblioteca Eusebio F. Kino. de la Provincia Mexicana de la Compañía de Jesús
Descripción Física:XXIII, 202 p., [1] h. ; 12°
Tema general:Filosofía
Poesía
Notas:Portada tipográfica con grabado central xilográfico. Texto a renglón seguido con paginación en números arábigos, cornisas, signaturas y reclamos. Incluye viñetas finales con motivos florales y arabescos en grabado xilográfico. Encuadernación en pergamino sobre cartón. Inscripción manuscrita en el canto superior: "Filosofia di Ruggiero Calbi". Sello en tinta de Domus Maior JHS Mexici
LEADER 01176nam a22001930004500
035 |a 2932 
041 0 |a ita 
100 1 |a Calbi, Ruggero, 1683-1761 
245 1 0 |a La filosofia esposta in sonetti da Ruggero Calbi gentiluomo ravennate. Al reverendissimo signore il padre D. Pietro Canneti camaldolese abate di classe 
260 |a in Faenza : per l'Archi, e Zannoni stampatori del S. Uffizio, 1715. 
300 |a XXIII, 202 p., [1] h. ; 12° 
500 |a Portada tipográfica con grabado central xilográfico. Texto a renglón seguido con paginación en números arábigos, cornisas, signaturas y reclamos. Incluye viñetas finales con motivos florales y arabescos en grabado xilográfico. Encuadernación en pergamino sobre cartón. Inscripción manuscrita en el canto superior: "Filosofia di Ruggiero Calbi". Sello en tinta de Domus Maior JHS Mexici 
504 |a Al final de la obra está el índice de los componentes poéticos 
650 1 0 |a Filosofía 
650 1 0 |a Poesía 
949 |a 23206 
942 |c KINO 
943 |g Fondo Antiguo José Gutiérrez Casillas. S.J. de la Biblioteca Eusebio F. Kino. de la Provincia Mexicana de la Compañía de Jesús 
999 |c 1095821  |d 1095821